000 00272nam a2200133Ia 4500
100 _aKhurmi/R.S
942 _cBK
654 _aHydraulics
245 _aText book of Hydraulics
260 _bS.Chand
_aNew Delhi
_c1991
082 _a532
546 _aENGLISH
999 _c35611
_d35611